El comercio, la industria y la sociedad (Registro nro. 5508)

Detalles MARC
000 -LEADER
fixed length control field 01295 a2200205 4500
001 - CONTROL NUMBER
control field 54346
005 - DATE AND TIME OF LATEST TRANSACTION
control field 20260407155815.0
008 - FIXED-LENGTH DATA ELEMENTS--GENERAL INFORMATION
fixed length control field 260407a1965 arg spa d
003 - CONTROL NUMBER IDENTIFIER
control field AR-UNSa-BCEJYS
040 ## - CATALOGING SOURCE
Original cataloging agency AR-UNSa-BCEJYS
Language of cataloging spa
Transcribing agency AR-UNSa-BCEJYS
080 ## - UNIVERSAL DECIMAL CLASSIFICATION NUMBER
Universal Decimal Classification number 339.1
Common auxiliary subdivision Cuestiones generales del comercio. Mercados (Mercados Financieros)
041 ## - LANGUAGE CODE
Language code of text/sound track or separate title spa
100 1# - MAIN ENTRY--PERSONAL NAME
Personal name McGuire, Joseph W.
245 10 - TITLE STATEMENT
Title El comercio, la industria y la sociedad
264 #1 - PRODUCTION, PUBLICATION, DISTRIBUTION, MANUFACTURE, AND COPYRIGHT NOTICE
Place of production, publication, distribution, manufacture México :
Name of producer, publisher, distributor, manufacturer Libreros Mexicanos Unidos
Date of production, publication, distribution, manufacture, or copyright notice 1965
300 ## - PHYSICAL DESCRIPTION
Extent 423 p.
Dimensions 19 cm.
505 ## - FORMATTED CONTENTS NOTE
Formatted contents note 1. Introducción - 2. Los fundamentos del capitalismo - 3. Desarrollo de las instituciones comerciales en los Estados Unidos - 4. Filosofía de los negocios - 5. El mundo de los negocios y el gobierno - 6. Los negocios y la clase obrera - 7. Los negocios en una sociedad plural - 8. Conflictos entre la organización y el individuo - 9. El trabajo y el ocio en nuestra sociedad moderna - 10. Imagen de los negocios - 11. La cuestión de la estabilidad - 12. El comercio norteamericano y el panorama internacional - 13. Prosperidad: La economía norteamericana en los años de la posguerra - 14. Metas,valores y ética del mundo de los negocios - 15. El futuro de nuestro sistema comercial
590 ## - LOCAL NOTE (RLIN)
Local note niveau_biblio:m niveau_hierar:0
942 ## - ADDED ENTRY ELEMENTS (KOHA)
Koha item type
Existencias
Withdrawn status Lost status Damaged status Not for loan Home library Current library Shelving location Date acquired Total checkouts Full call number Barcode Date last seen Price effective from Koha item type
        Biblioteca Prof. Eusebio Cleto del Rey Biblioteca Prof. Eusebio Cleto del Rey   07/04/2026   339.1 M478 L21126 07/04/2026 07/04/2026 Libro